000 00403nam a22001697a 4500
003 MPLRDC
005 20220104124643.0
008 210129b ||||| |||| 00| 0 eng d
082 _a859.61 CXR
100 _a蔡新荣著
245 _a乾隆
_c
260 _a
_b香港教育书店
_c1961
300 _b
490 _a中国名人故事丛书
650 _a皇帝故事
942 _cBK
_o859.61 CXR
999 _c21070
_d21060